| 000 | 00490nam a22001697a 4500 | ||
|---|---|---|---|
| 005 | 20250124124854.0 | ||
| 008 | 250124b |||||||| |||| 00| 0 eng d | ||
| 020 | _a9781435441576 | ||
| 082 |
_a005.8 _bWHI-R |
||
| 100 | w | _aWhitman, Michael E. | |
| 245 |
_aReadings & Cases in Information Security : _bLaw & Ethics / _cHerbert J.Mattord |
||
| 260 |
_aIndia: _bElsevier; _c2011. |
||
| 300 |
_axxxi,364 p. : _bill; _c24 cm. |
||
| 500 | _ainclude index. | ||
| 650 | _aSecurity | ||
| 999 |
_c36828 _d36828 |
||